Responses for Show #3746 - Monday, December 11, 2000

Contestants

[<< previous game]

Cason Butterworth, a bartender from Trussville, Alabama

Heidi Daniels, a flight attendant from Crownsville, Maryland

Gino Scalo, a seventh grade teacher from San Diego, California (whose 1-day cash winnings total $8,600)

[next game >>]

Jeopardy! Round responses

TOM CRUISE FILMS
EYE, EYE DOCTOR
LET'S DANCE
BARRY ME
KNOT
ON THE LONE PRAIRIE
    $100 16
Risky Business

Cason
    $100 22
Cornea

Cason
    $100 1
Rug

Cason
    $100 6
Barry Manilow

Gino
    $100 27
(C: What is a square?)
(G: What is a slipknot?)

Granny knot

GinoCason
Triple Stumper
    $100 11
Grass

Gino
    $200 17
Rain Man

Heidi
    $200 23
Myopia

Gino
    $200 2
Hanging

Cason
    $200 7
Barry Bostwick

Cason
    $200 28
Square knot

Gino
    $200 12
Buffalo/bison

Gino
    $300 18
Mission: Impossible

Gino
    $300 24
Glaucoma

Heidi
    $300 3
Jig

Gino
    $300 8
Barry Goldwater

Cason
    $300 19
Hitches

Cason
    $300 13
Chicago

Heidi
    $400 20
Jack Nicholson (in A Few Good Men)

Cason
    $400 25
Retinas

Cason
    $400 4
Tap dance

Gino
    $400 9
Barry Mann

Gino
    $400 29
(G: What is a shank knot?)

Sheepshank

GinoCason
    $400 14
Ingalls

Gino
    $2,000 21
Days of Thunder

Cason
    $500 26
Astigmatism

Cason
    $500 5
Sadie Hawkins

Gino
    $500 10
Barry Gibb

Cason
    $500 30
Overhand knot

Triple Stumper
    $500 15
Coyote

Cason

Scores at the first commercial break (after clue 15):

Gino Heidi Cason
$2,400 $300 $1,800

Scores at the end of the Jeopardy! Round:

Gino Heidi Cason
$2,600 $800 $5,900

Double Jeopardy! Round responses

INAUGURAL ADDRESSES
(Alex: You have to name the president.)
QUEEN'S BIRTHDAY HONOURS 2000
ISN'T IT BYRONIC?
TV STARS
SECOND-MOST POPULOUS CITIES
(Alex: We'll give you the city; you identify the country.)
BEFORE & AFTER
(Alex: One of our fun categories!)
    $200 2
Bill Clinton

Gino
    $200 26
Dick Francis

Triple Stumper
    $200 16
George

Cason
    $200 5
The Brady Bunch

Heidi
    $200 19
Ireland

Gino
    $200 1
Stephen King Kong

Cason
    $400 3
John F. Kennedy

Gino
    $400 27
American Beauty

Triple Stumper
    $400 17
Percy Shelley

Cason
    $400 6
Kathie Lee Gifford

Heidi
    $400 20
Sweden

Heidi
    $400 12
Ray Charles Dickens

Triple Stumper
    $600 4
Richard Nixon

Heidi
    $600 28
Lulu

Triple Stumper
    $1,000 18
(C: What is Italy?)

Greece

Cason
    $600 7
Woody Harrelson

Heidi
    $600 21
South Korea

Heidi
    $600 13
(C: What is Young Guns?)

Young Guns N' Roses

HeidiCason
    $3,000 10
Abraham Lincoln (second inaugural)

Gino
    $800 29
(buzzer sounds)
(Alex: You guys have to establish a closer relationship with Her Majesty the Queen for next year's honours list!)

Balmoral Castle

Triple Stumper
    $800 24
Don Juan

Gino
    $800 8
Darren McGavin

Cason
    $800 22
Venezuela

Heidi
    $800 14
Matt Damon Runyon

Gino
    $1000 11
(G: Who is Theodore Roosevelt?)

Franklin D. Roosevelt

Gino
Triple Stumper
    $1000 25
(we have less than a minute to go, right now...)

Childe Harold

Gino
    $1000 9
All That Jazz

Gino
    $1000 23
Czech Republic

Triple Stumper
    $1000 15
Vince Neil Young

Triple Stumper

Scores at the end of the Double Jeopardy! Round:

Gino Heidi Cason
$9,000 $5,000 $5,900

[wagering suggestions for these scores]

Final Jeopardy! Round responses

CIVIL RIGHTS HISTORY
(Alex: Gino, I'll need a ruling on this... you didn't come up with [*].)
HeidiWho
$5,000
CasonWho are the Scottsboro Boys????
$5,000
GinoWho the Scotsboro
$3,000
the Scottsboro Boys

Final scores:

Gino Heidi Cason
$6,000 $0 $10,900
2nd place: a trip to Grand Lido Braco Resort, Jamaica 3rd place: a Meade ETX90 telescope New champion: $10,900

Game dynamics:

Coryat scores:

Gino Heidi Cason
$6,800 $5,000 $5,400
19 R
(including 1 DD),
3 W
11 R,
0 W
18 R
(including 1 DD),
3 W
(including 1 DD)

Combined Coryat: $17,200

[game clues] [game scores] [suggest correction]

Game tape date: 2000-10-24
The J! Archive is created by fans, for fans. Scraping, republication, monetization, and malicious use prohibited; this site may use cookies and collect identifying information. See terms. The Jeopardy! game show and all elements thereof, including but not limited to copyright and trademark thereto, are the property of Jeopardy Productions, Inc. and are protected under law. This website is not affiliated with, sponsored by, or operated by Jeopardy Productions, Inc. Join the discussion at JBoard.tv.